Loading...
| History - European History | 0 | 4 | 0 | 1 | 40 | 114 | 118.25 | 0 | 0 |
| History - World History | 0 | 3 | 0 | 0 | 30 | 78 | 96.33 | 0 | 1 |
| Religion | 0 | 2 | 0 | 1 | 20 | 73 | 101.00 | 0 | 0 |
| Fine Arts - Other Fine Arts | 0 | 2 | 0 | 2 | 20 | 119 | 127.00 | 0 | 0 |
| Other Academic | 0 | 1 | 0 | 0 | 10 | 127 | 127.00 | 0 | 0 |
| Social Science | 0 | 1 | 0 | 1 | 10 | 128 | 128.00 | 0 | 0 |
| Geography/Current Events | 0 | 1 | 0 | 1 | 10 | 124 | 124.00 | 0 | 0 |
| History - Other History | 0 | 2 | 2 | 1 | 10 | 108 | 111.50 | 0 | 0 |
| Literature - World/Other Literature | 0 | 1 | 0 | 0 | 10 | 64 | 64.00 | 0 | 0 |
| Science - Other Science | 0 | 1 | 1 | 0 | 5 | 118 | 118.00 | 0 | 0 |
| Fine Arts - Classical Music | 0 | 1 | 1 | 0 | 5 | 142 | 142.00 | 0 | 0 |
| Philosophy | 0 | 0 | 0 | 0 | 0 | 0.00 | 0 | 0 | |
| Fine Arts - Visual Fine Arts | 0 | 0 | 0 | 0 | 0 | 0.00 | 0 | 0 |